000 00563nam a22002177a 4500
003 UA-OsUOA
001 127331
007 ta
008 20171127b un ||||| |||| 00| 0 ukr d
100 _aСюндюков І.
090 _a32
_bС98
942 _cSA
040 _aUA-OsUOA
_bukr
_cUA-OsUOA
_dUA-OsUOA
245 _a"Революції не творять державу. Вони творять зміну влади"
300 _aС.14
955 _a0
041 _aukr
080 _a32
773 0 _w127330
650 7 _a32 Політика
_2UDC
999 _c414593
_d414593